Jubilation : (Record no. 5663)

MARC details
000 -LEADER
fixed length control field 01282cam a2200289 a 4500
001 - CONTROL NUMBER
control field 2158572
003 - CONTROL NUMBER IDENTIFIER
control field GBCCL
005 - DATE AND TIME OF LATEST TRANSACTION
control field 20241126110547.0
008 - FIXED-LENGTH DATA ELEMENTS--GENERAL INFORMATION
fixed length control field 990623s1999 mou 000 0 eng
010 ## -
-- 99037049
020 ## - INTERNATIONAL STANDARD BOOK NUMBER
International Standard Book Number 0570053900
035 ## - SYSTEM CONTROL NUMBER
System control number (DLC) 99037049
040 ## - CATALOGING SOURCE
Original cataloging agency DLC
Transcribing agency DLC
Modifying agency DLC
050 00 -
-- PS627.E37
-- J83 1999
082 00 - DEWEY DECIMAL CLASSIFICATION NUMBER
Classification number 812.54
-- 812.54080334
Edition information 21
Item number JUB
245 00 - TITLE STATEMENT
Title Jubilation :
Remainder of title dramas for Easter /
Statement of responsibility, etc. Alice Bass ... [et al.].
260 ## - PUBLICATION, DISTRIBUTION, ETC.
Place of publication, distribution, etc. St. Louis, MO :
Name of publisher, distributor, etc. Concordia Pub. House,
Date of publication, distribution, etc. c1999.
300 ## - PHYSICAL DESCRIPTION
Extent 77 p. ;
Dimensions 28 cm.
440 #0 - SERIES STATEMENT/ADDED ENTRY--TITLE
Title Intermission scripts
9 (RLIN) 5564
505 0# - FORMATTED CONTENTS NOTE
Formatted contents note The redeemer of minutes / Alice Bass -- Shattering word / Alice Bass -- Letting Mikey go / Tim Bass -- Inventory / Tim Bass -- The empty tomb / Margaret Cheasebro -- Making the rain stop / Marshal Younger.
650 #0 - SUBJECT ADDED ENTRY--TOPICAL TERM
Topical term or geographic name entry element Easter
Form subdivision Drama.
9 (RLIN) 10222
650 #0 - SUBJECT ADDED ENTRY--TOPICAL TERM
Topical term or geographic name entry element Christian drama, American.
9 (RLIN) 10223
700 1# - ADDED ENTRY--PERSONAL NAME
Personal name Bass, Alice.
9 (RLIN) 10224
906 ## - LOCAL DATA ELEMENT F, LDF (RLIN)
a 7
b cbc
c orignew
d 1
e ocip
f 19
g y-gencatlg
942 ## - ADDED ENTRY ELEMENTS (KOHA)
Source of classification or shelving scheme Dewey Decimal Classification
Koha item type Books
Holdings
Withdrawn status Lost status Source of classification or shelving scheme Damaged status Not for loan Home library Current Library Shelving location Date acquired Total checkouts Full call number Barcode Date last seen Copy number Price effective from Koha item type
    Dewey Decimal Classification     GRACE BIBLE COLLEGE GRACE BIBLE COLLEGE General Studies 2018-04-03   812.54 JUB 007833 2025-05-01 c.1 2018-04-03 Books
    Dewey Decimal Classification     GRACE BIBLE COLLEGE GRACE BIBLE COLLEGE General Studies 2018-04-03   812.54 JUB 007834 2025-05-01 c.2 2018-04-03 Books
© Grace Bible College Library 2025